000 01334nam a2200133Ia 4500
008 220615s9999||||xx |||||||||||||| ||und||
020 _a9783040000000
245 0 _aFluid Mechanics of Plankton
546 _aEnglish[eng]
650 _awhite sea||arctic ocean||net tow||turbulence avoidance||feeding mode||National Centers for Environmental Information||European Centre for Medium-Range Weather Forecasts||plankton||turbulence||data analysis||copepod||numerical simulation||immersed boundary method||multi-scale simulations||form-function relation||Kolmogorov||chemosensory||signaling||zooplankton||jellyfish||hydrodynamics||escape behavior||Acartia tonsa||copepods||cruising||escape swimming||kinematics||power||cost of transport||locomotion||reorientation||swimming microorganism||nutrient patchiness||phytoplankton||surge uptake||nutrient depletion||turbulent history||microplastics||swimming behavior||imaging||Temora turbinata||propulsion||rotational physics||convergent evolution||torque||moment of inertia||animal movement||plankton jumping||impulsively generated viscous vortex ring||impulsive Stokeslet||impulsive stresslet||elastic collision||Froude propulsion efficiency||added mass coefficient||n/a
700 _aYamazaki, Hidekatsu||Strickler, J. Rudi
856 _uhttps://mdpi.com/books/pdfview/book/3844
942 _cEB
999 _c11698
_d11698